Statistics for War Terminology #1

Click here to take the quiz!

General Stats

  • This quiz has been taken 22 times
  • The average score is 10 of 20

Answer Stats

HintAnswer% Correct
Type of tank most commonly used by the Germans in WWIIPanzer
88%
Lowest military rankPrivate
88%
Throw-able bomb that was activated once you pulled a pinGrenade
82%
Small knife at the bottom of gunBayonet
76%
What would Japanese pilots most commonly do if they had no more ammo in their planeKamikaze
76%
A round or square piece of metal or wood used to block attacksShield
76%
Massive metal warship that carried planes on itAircraft Carrier
71%
Long tunnel built into the groundTrench
71%
Rapid fire mounted gun that had a large carrying capacity of bulletsMachine Gun
65%
Type of armor covering worn under the metal armor of knightsChain Mail
53%
A more stationary catapult used in medieval times that threw rocks from a slingTrebuchet
53%
Small sword but not a knifeDagger
47%
Name of most common type of plane used in war today (Generic name)Fighter Jet
35%
H in the naval alphabet (Means pilot on board)Hotel
35%
Classic Soviet tank that took back Moscow from Germany in WWIIT-34
35%
The name of the German leather helmet used in WWI, known for spike on topPickelhaube
29%
Type of bullet most commonly used in warship cannons used to bombard coastlinesShells
29%
Famous sniper, .50 caliber and has M107 after its nameBarrett
18%
Most notably known American cruiser (No U.S.S in answer)Indianapolis
12%
Cartridge that hold the bullets in a modern day gunStock
6%

Score Distribution

Percentile by Number Answered

Percent of People with Each Score

Your Score History

You have not taken this quiz